Kliknij miasta województwa dolnośląskiego na mapie - Statystyki

Ogólne statystyki
  • Ten quiz został rozwiązany 1 075 razy
  • Średni wynik to 38 z 93
Odpowiedzi na mapie
Odpowiedzi zakodowano w zielono-czerwonej skali na mapie do tego quizu, zgodnie z poniższymi procentami.
 
Statystyki odpowiedzi
Odpowiedź % Poprawnych
Wrocław
87%
Jelenia Góra
77%
Legnica
77%
Kłodzko
75%
Zgorzelec
72%
Wałbrzych
71%
Bogatynia
66%
Głogów
65%
Lubin
63%
Oleśnica
61%
Świdnica
60%
Bolesławiec
59%
Oława
58%
Bystrzyca Kłodzka
56%
Milicz
55%
Polkowice
54%
Kudowa-Zdrój
53%
Kąty Wrocławskie
52%
Trzebnica
52%
Jawor
50%
Góra
49%
Środa Śląska
49%
Szklarska Poręba
49%
Ząbkowice Śląskie
49%
Kamienna Góra
48%
Karpacz
48%
Lubań
48%
Dzierżoniów
44%
Jelcz-Laskowice
44%
Siechnice
44%
Wołów
44%
Złotoryja
44%
Międzylesie
43%
Nowa Ruda
43%
Sobótka
43%
Strzelin
43%
Lwówek Śląski
42%
Złoty Stok
42%
Lądek-Zdrój
39%
Stronie Śląskie
39%
Kowary
38%
Bardo
37%
Brzeg Dolny
37%
Duszniki-Zdrój
37%
Kamieniec Ząbkowicki
37%
Lubawka
37%
Polanica-Zdrój
37%
Świebodzice
37%
Świeradów-Zdrój
37%
Żmigród
37%
Boguszów-Gorce
36%
Miękinia
36%
Oborniki Śląskie
36%
Bolków
35%
Radków
35%
Strzegom
35%
Szczawno-Zdrój
35%
Bielawa
34%
Chojnów
34%
Piechowice
34%
Syców
33%
Ziębice
33%
Szczytna
31%
Gryfów Śląski
30%
Jedlina-Zdrój
30%
Nowogrodziec
30%
Prochowice
30%
Prusice
30%
Przemków
30%
Ścinawa
30%
Wleń
30%
Głuszyca
29%
Jaworzyna Śląska
29%
Twardogóra
29%
Węgliniec
29%
Zawidów
29%
Bierutów
28%
Mieroszów
28%
Pieńsk
28%
Wąsosz
28%
Chocianów
27%
Lubomierz
27%
Międzybórz
27%
Mirsk
27%
Niemcza
27%
Wiązów
27%
Wojcieszów
27%
Leśna
26%
Żarów
26%
Świerzawa
25%
Olszyna
23%
Pieszyce
23%
Piława Górna
23%
Nie znaleziono quizów pasujących do podanych kryteriów
Rozkład punktacji
Procent ludzi z każdym wynikiem
Percentyl według liczby udzielonych odpowiedzi
Twoja historia wyników
Nie rozwiązałeś tego quizu